00000000nam 2200000zi 4500
0019.945256
003CaOODSP
00520241121094721
006m     o  d f      
007cr mn|||||||||
008241118s1971    onc     o    f000 0 eng d
040 |aCaOODSP|beng|erda|cCaOODSP
043 |an-cn---
0861 |aCo41-1/5FE-PDF|zCo41-1/5F
24500|aInstitutional arrangements for optimizing developments of the data banks in the public interest.
24634|aInstitutional arrangements for optimizing developments of databanks in the public interest
264 1|aOttawa : |bDepartment of Communications, |c1971.
300 |a1 online resource (1 volume (various pagings)).
336 |atext|btxt|2rdacontent
337 |acomputer|bc|2rdamedia
338 |aonline resource|bcr|2rdacarrier
4901 |aTelecommission study ; |v5(f)
500 |aIssued also in French under title: Structures institutionnelles visant le développement optimal des banques de données.
500 |aDigitized edition from print [produced by Innovation, Science and Economic Development Canada].
650 0|aData centers|zCanada.
650 0|aInformation services|zCanada.
650 0|aInformation storage and retrieval systems.
7101 |aCanada. |bDepartment of Communications, |eissuing body.
77508|tStructures institutionnelles visant le développement optimal des banques de données.|w(CaOODSP)9.945258
830#0|aTelecommission study ;|v5(f).|w(CaOODSP)9.927947
85640|qPDF|s1.72 MB|uhttps://publications.gc.ca/collections/collection_2024/isde-ised/co41-1/Co41-1-5F-eng.pdf